00586cam a2200217 a 4500001000800000005001700008008004100025010001700066020001500083040001800098041000800116080001200124082001600136100000700152101000800159245008600167504004100253906004500294942001200339999001700351191376020180306031210.0850308s1985 nyua b 001 0 eng  a 85006249  a0471861294 aDLCcDLCdDLC aeng a641 ZAP00a641 ZAP2191 a11 aKIM10aFood chemistry and nutritional biochemistry /cCharles Zapsalis, R. Anderle Beck. aIncludes bibliographies and indexes. a7bcbccorignewd1eocipf19gy-gencatlg 2ddccBK c44101d44101